<?xml version="1.0" encoding="UTF-8"?>
<marc:record xmlns:marc="http://www.loc.gov/MARC21/slim">
   <marc:leader>00000nam a2200000 a 4500</marc:leader>
   <marc:datafield ind1="1" ind2=" " tag="100">
      <marc:subfield code="a">Gruber, Alexandra</marc:subfield>
      <marc:subfield code="4">aut</marc:subfield>
      <marc:subfield code="e">Verfasser/-in</marc:subfield>
   </marc:datafield>
   <marc:datafield ind1="1" ind2=" " tag="100">
      <marc:subfield code="a">Muhr, Wolfgang</marc:subfield>
      <marc:subfield code="4">aut</marc:subfield>
      <marc:subfield code="e">Verfasser/-in</marc:subfield>
   </marc:datafield>
   <marc:datafield ind1="0" ind2="0" tag="245">
      <marc:subfield code="a">50 Dinge, die ein Niederösterreicher getan haben muss</marc:subfield>
   </marc:datafield>
   <marc:datafield ind1="0" ind2="0" tag="245">
      <marc:subfield code="c">Alexandra Gruber, Wolfgang Muhr</marc:subfield>
   </marc:datafield>
   <marc:datafield ind1=" " ind2="1" tag="264">
      <marc:subfield code="a">Wien</marc:subfield>
      <marc:subfield code="b">Styria Verlag</marc:subfield>
      <marc:subfield code="c">2018</marc:subfield>
   </marc:datafield>
   <marc:datafield ind1="1" ind2=" " tag="520">
      <marc:subfield code="a">Angaben aus der Verlagsmeldung

50 Dinge, die ein Niederösterreicher getan haben muss / von Alexandra Gruber, Wolfgang Muhr

Vielfältige Erlebniswelt Niederösterreich

Niederösterreich, unser größtes Bundesland, bietet Einheimischen und Besuchern eine besondere Themenvielfalt. Jedes Viertel, jede Region hat ganz spezielle Eigenheiten, denen dieses neue Buch der erfolgreichen »50 Dinge«-Reihe auf den Grund geht: mit einer Mischung aus frischen Sichtweisen auf Bekanntes und Unbekanntes, aus Sehenswertem und Überraschendem. Dabei präsentiert das beliebte Autoren-Duo Alexandra Gruber und Wolfgang Muhr auch Kurioses: vom »UFO-Landeplatz « im Waldviertel und der Madonna mit sechs Fingern bis hin zum höchstgelegenen Bahnhof Österreichs.

Aus dem Inhalt
›› Der Grand Canyon Österreichs
›› Die größte Tropfsteinhöhle Niederösterreichs
›› Der größte historische Weinkeller
Österreichs
›› Das einzige Kameltheater der Welt
›› Ein Dorf mit 15 Millionen Mohnblüten
›› Eine Burg wie im Walt-Disney-Film

</marc:subfield>
   </marc:datafield>
   <marc:datafield ind1=" " ind2=" " tag="020">
      <marc:subfield code="a">9783222136092</marc:subfield>
      <marc:subfield code="9">9783222136092</marc:subfield>
   </marc:datafield>
   <marc:datafield ind1=" " ind2=" " tag="020">
      <marc:subfield code="a">3222136092</marc:subfield>
      <marc:subfield code="9">3222136092</marc:subfield>
   </marc:datafield>
   <marc:datafield ind1=" " ind2=" " tag="041">
      <marc:subfield code="a">ger</marc:subfield>
   </marc:datafield>
   <marc:datafield ind1=" " ind2=" " tag="300">
      <marc:subfield code="a">176 Seiten</marc:subfield>
   </marc:datafield>
</marc:record>
